00253nam a2200109Ia 4500008004100000082000800041100001900049245001900068260001800087630001900105730001900124100328s9999 xx 000 0 und d b636 aJames Norah.C. aOne Bright Day bCassell & Co. aOne Bright Day aOne Bright Day